Common Knowledge #11 - Statistics

General Stats
  • This quiz has been taken 2,186 times
    2,153 since last reset
  • The average score is 14 of 20
Answer Stats
Hint Answer % Correct
What is the color of an emerald? Green
96%
What famous ocean liner tragically sank back in 1912? The Titanic
94%
Which organ has four chambers? Heart
91%
What letter is not included in any of the 50 U.S. state names? Q
91%
In which country Adolph Hitler was born? Austria
88%
What is another name for the 4th of July holiday? Independence Day
88%
What is the name of the thin and long country that spans more than half of the western coast of South America? Chile
85%
Who wrote Hamlet? William Shakespeare
85%
A scientist who studies rocks is called a what? Geologist
73%
What is the smallest state in America? Rhode Island
73%
Name a mammal that can’t jump. Elephant | Sloth | Hippo | Rhino
70%
What is the top number of a fraction called? Numerator
70%
What’s the primary ingredient in hummus? Chickpeas
68%
Who is the patron saint of Ireland? Saint Patrick
63%
What is the "American Anthem"? The Star Spangled Banner
59%
What does "piano" mean in music? To play soft
52%
What is C6H12O6 more commonly known as? Glucose
46%
What is the highest singing pitch? Soprano
45%
Which place is called “the happiest place in the world?” Disney World
44%
In Einsteins E = mc^2 equation, what does "c" represent? Speed of light
41%
No matching quizzes found
Score Distribution
Percent of People with Each Score
Percentile by Number Answered
Your Score History
You have not taken this quiz since the last reset